[Event "Championship Moscow 2015 Seniors rapid"]
[Site "?"]
[Date "2015.11.29"]
[Round "1.1"]
[White "Korolev, Evgeniy"]
[Black "Dragomarezkij, Evgeni"]
[Result "0-1"]
[BlackElo "2431"]
[WhiteElo "2057"]
[LiveChessVersion "1.4.6"]

1. e4 {[%clk 0:10:07]} c5 {[%clk 0:10:09]} 2. Nf3 {[%clk 0:10:09]} e6
{[%clk 0:10:14]} 3. d3 {[%clk 0:10:09]} Nc6 {[%clk 0:10:17]} 4. g3
{[%clk 0:10:09]} d6 {[%clk 0:10:16]} 5. Bg2 {[%clk 0:10:12]} Nf6 {[%clk 0:10:17]}
6. O-O {[%clk 0:10:14]} Be7 {[%clk 0:10:22]} 7. Re1 {[%clk 0:10:13]} O-O
{[%clk 0:10:25]} 8. h4 {[%clk 0:10:00]} Bd7 {[%clk 0:10:25]} 9. Nbd2
{[%clk 0:10:00]} Qc7 {[%clk 0:10:10]} 10. Nf1 {[%clk 0:09:56]} b5
{[%clk 0:10:14]} 11. Ng5 {[%clk 0:09:29]} d5 {[%clk 0:09:17]} 12. exd5
{[%clk 0:08:27]} Nxd5 {[%clk 0:08:48]} 13. Nh2 {[%clk 0:07:53]} Nf6
{[%clk 0:08:44]} 14. Nhf3 {[%clk 0:07:11]} Bd6 {[%clk 0:08:42]} 15. Ne4
{[%clk 0:06:55]} Nxe4 {[%clk 0:08:44]} 16. dxe4 {[%clk 0:06:58]} Rad8
{[%clk 0:08:26]} 17. Qe2 {[%clk 0:06:53]} e5 {[%clk 0:07:16]} 18. c3
{[%clk 0:06:50]} c4 {[%clk 0:07:17]} 19. Nh2 {[%clk 0:06:21]} Bc5
{[%clk 0:07:15]} 20. Be3 {[%clk 0:06:21]} Na5 {[%clk 0:06:56]} 21. Rad1
{[%clk 0:06:09]} Nb7 {[%clk 0:06:55]} 22. Nf1 {[%clk 0:06:09]} Be6
{[%clk 0:06:56]} 23. Rxd8 {[%clk 0:05:47]} Rxd8 {[%clk 0:07:00]} 24. Rd1
{[%clk 0:05:49]} a5 {[%clk 0:06:27]} 25. a3 {[%clk 0:05:48]} Rd6 {[%clk 0:06:17]}
26. Rxd6 {[%clk 0:05:43]} Qxd6 {[%clk 0:06:20]} 27. Qd2 {[%clk 0:05:30]} Qxd2
{[%clk 0:06:09]} 28. Bxd2 {[%clk 0:05:34]} Bf8 {[%clk 0:05:41]} 29. Be3
{[%clk 0:05:31]} Nc5 {[%clk 0:05:45]} 30. Bxc5 {[%clk 0:05:33]} Bxc5
{[%clk 0:05:49]} 31. Ne3 {[%clk 0:05:26]} g6 {[%clk 0:05:37]} 32. Kf1
{[%clk 0:05:20]} Kf8 {[%clk 0:05:38]} 33. Ke2 {[%clk 0:05:11]} Ke7
{[%clk 0:05:42]} 34. Nd5+ {[%clk 0:05:10]} Kd6 {[%clk 0:05:30]} 35. Nf6
{[%clk 0:04:41]} h5 {[%clk 0:05:26]} 36. Bf3 {[%clk 0:04:23]} Ke7
{[%clk 0:05:12]} 37. Nd5+ {[%clk 0:04:08]} Kd8 {[%clk 0:05:16]} 38. Bg2
{[%clk 0:04:03]} Bf8 {[%clk 0:05:17]} 39. Bf3 {[%clk 0:04:06]} Bh6
{[%clk 0:05:20]} 40. Ne3 {[%clk 0:04:07]} Kc7 {[%clk 0:05:15]} 41. Nd1
{[%clk 0:04:00]} Bc1 {[%clk 0:05:17]} 42. Bg2 {[%clk 0:03:51]} Kd6
{[%clk 0:05:20]} 43. Bf3 {[%clk 0:03:47]} Kc5 {[%clk 0:05:22]} 44. Bg2
{[%clk 0:03:50]} b4 {[%clk 0:05:20]} 45. axb4+ {[%clk 0:03:54]} axb4
{[%clk 0:05:24]} 46. Bf3 {[%clk 0:03:55]} Bd7 {[%clk 0:05:23]} 47. Bg2
{[%clk 0:03:03]} Ba4 {[%clk 0:05:27]} 48. Bf3 {[%clk 0:03:07]} Bc2
{[%clk 0:05:30]} 49. Ke1 {[%clk 0:02:52]} Bd3 {[%clk 0:05:32]} 50. Bg2
{[%clk 0:02:47]} Kb5 {[%clk 0:05:23]} 51. f3 {[%clk 0:02:40]} Ka4
{[%clk 0:05:19]} 52. Bh3 {[%clk 0:02:04]} Kb3 {[%clk 0:05:21]} 53. cxb4
{[%clk 0:02:05]} Kxb4 {[%clk 0:04:54]} 54. g4 {[%clk 0:00:34]} hxg4
{[%clk 0:04:52]} 55. Bxg4 {[%clk 0:00:36]} f5 {[%clk 0:04:48]} 56. exf5
{[%clk 0:00:37]} gxf5 {[%clk 0:04:52]} 57. Bh3 {[%clk 0:00:41]} Kb3
{[%clk 0:04:53]} 58. h5 {[%clk 0:00:43]} f4 {[%clk 0:04:37]} 59. Bf1
{[%clk 0:00:44]} Bh7 {[%clk 0:04:10]} 60. Be2 {[%clk 0:00:41]} e4
{[%clk 0:04:06]} 61. fxe4 {[%clk 0:00:44]} Bxe4 {[%clk 0:04:11]} 62. Bg4
{[%clk 0:00:42]} Bxb2 {[%clk 0:04:05]} 63. Be6 {[%clk 0:00:40]} Bd4
{[%clk 0:04:00]} 64. h6 {[%clk 0:00:42]} Kb4 {[%clk 0:03:48]} 65. Nf2
{[%clk 0:00:38]} Bh7 {[%clk 0:03:47]} 66. Nd1 {[%clk 0:00:28]} c3 67. Nxc3
{[%clk 0:00:29]} Kxc3 {[%clk 0:03:40]} 68. Ke2 {[%clk 0:00:33]} Be4
{[%clk 0:03:32]} 69. Bg4 {[%clk 0:00:31]} Bh8 {[%clk 0:03:01]} 70. Bf3
{[%clk 0:00:34]} Bd3+ {[%clk 0:03:05]} 71. Kf2 {[%clk 0:00:35]} Kd4
{[%clk 0:03:09]} 72. Bc6 {[%clk 0:00:36]} Be4 {[%clk 0:03:04]} 73. Bb5
{[%clk 0:00:35]} Ke5 {[%clk 0:03:07]} 74. Bc4 {[%clk 0:00:35]} Kf5
{[%clk 0:03:09]} 75. Bg8 {[%clk 0:00:37]} Bd4+ {[%clk 0:03:06]} 76. Kf1
{[%clk 0:00:34]} f3 {[%clk 0:02:39]} 77. Bh7+ {[%clk 0:00:22]} Kf4
{[%clk 0:02:43]} 0-1

[Event "Championship Moscow 2015 Seniors rapid"]
[Site "?"]
[Date "2015.11.29"]
[Round "1.2"]
[White "Balashov, Yuri S"]
[Black "Avetisyan, Aleksey"]
[Result "1-0"]
[BlackElo "2050"]
[WhiteElo "2385"]
[LiveChessVersion "1.4.6"]

1. e4 {[%clk 0:10:02]} c6 {[%clk 0:10:10]} 2. d4 {[%clk 0:10:03]} d5
{[%clk 0:10:14]} 3. e5 {[%clk 0:10:07]} Qb6 {[%clk 0:10:14]} 4. c3
{[%clk 0:09:58]} Bf5 {[%clk 0:10:18]} 5. Nd2 {[%clk 0:10:00]} e6 {[%clk 0:10:21]}
6. Ngf3 {[%clk 0:10:03]} c5 {[%clk 0:10:21]} 7. Be2 {[%clk 0:10:05]} Nc6
{[%clk 0:10:24]} 8. Nb3 {[%clk 0:09:58]} cxd4 {[%clk 0:10:11]} 9. Nfxd4
{[%clk 0:09:54]} Be4 {[%clk 0:09:51]} 10. f3 {[%clk 0:09:58]} Bg6
{[%clk 0:09:54]} 11. O-O {[%clk 0:09:56]} Nxe5 {[%clk 0:09:39]} 12. Kh1
{[%clk 0:09:43]} Nf6 {[%clk 0:09:31]} 13. Be3 {[%clk 0:09:36]} Qc7
{[%clk 0:08:48]} 14. Nb5 {[%clk 0:09:39]} Qd7 {[%clk 0:08:43]} 15. Bf4
{[%clk 0:09:40]} Bd6 {[%clk 0:08:35]} 16. Nxd6+ {[%clk 0:09:43]} Qxd6
{[%clk 0:08:38]} 17. Qd4 {[%clk 0:09:43]} Nfd7 {[%clk 0:08:35]} 18. Bb5
{[%clk 0:09:47]} f6 {[%clk 0:08:23]} 19. Nc5 {[%clk 0:09:40]} Qb6
{[%clk 0:07:08]} 20. Bxd7+ {[%clk 0:09:42]} Nxd7 {[%clk 0:07:10]} 21. Nxe6
{[%clk 0:09:43]} Qxe6 {[%clk 0:06:56]} 22. Rfe1 {[%clk 0:09:45]} Ne5
{[%clk 0:07:00]} 23. Bxe5 {[%clk 0:09:48]} O-O {[%clk 0:06:55]} 24. Bg3
{[%clk 0:09:50]} Qc6 {[%clk 0:06:44]} 25. Re7 {[%clk 0:09:50]} Rf7
{[%clk 0:06:43]} 26. Re3 {[%clk 0:09:48]} Rff8 {[%clk 0:06:15]} 27. Rd1
{[%clk 0:09:46]} Rad8 {[%clk 0:06:15]} 28. Re7 {[%clk 0:09:45]} Rf7
{[%clk 0:06:15]} 29. Rxf7 {[%clk 0:09:48]} Bxf7 {[%clk 0:06:19]} 30. Qxa7
{[%clk 0:09:51]} Re8 {[%clk 0:06:10]} 31. Rd2 {[%clk 0:09:41]} Qa6
{[%clk 0:06:01]} 32. Qxa6 {[%clk 0:09:43]} bxa6 {[%clk 0:06:05]} 33. Kg1
{[%clk 0:09:44]} g5 {[%clk 0:05:49]} 34. Kf2 {[%clk 0:09:46]} f5 {[%clk 0:05:53]}
35. Bd6 {[%clk 0:09:48]} Re6 {[%clk 0:05:51]} 36. Bc5 {[%clk 0:09:49]} Rc6
{[%clk 0:05:45]} 37. b4 {[%clk 0:09:53]} a5 {[%clk 0:05:46]} 38. a4
{[%clk 0:09:51]} Be6 {[%clk 0:05:39]} 39. Ke3 {[%clk 0:09:50]} Kf7
{[%clk 0:05:43]} 40. Kd4 {[%clk 0:09:54]} axb4 {[%clk 0:05:29]} 41. cxb4
{[%clk 0:09:57]} Ra6 {[%clk 0:05:24]} 42. a5 {[%clk 0:10:01]} g4 {[%clk 0:05:19]}
43. Bb6 {[%clk 0:10:04]} Ra8 {[%clk 0:05:08]} 44. Rc2 {[%clk 0:10:06]} gxf3
{[%clk 0:05:01]} 45. gxf3 {[%clk 0:10:10]} h5 {[%clk 0:05:00]} 46. b5
{[%clk 0:10:13]} h4 {[%clk 0:05:03]} 47. a6 {[%clk 0:10:16]} h3 {[%clk 0:05:01]}
48. Rc7+ {[%clk 0:10:17]} Kf6 {[%clk 0:05:01]} 49. Bc5 {[%clk 0:10:19]} f4
{[%clk 0:04:52]} 50. a7 {[%clk 0:10:22]} Bc8 {[%clk 0:04:41]} 51. Rxc8
{[%clk 0:10:25]} Rxc8 {[%clk 0:04:44]} 52. b6 {[%clk 0:10:29]} 1-0

[Event "Championship Moscow 2015 Seniors rapid"]
[Site "?"]
[Date "2015.11.29"]
[Round "1.3"]
[White "Frumson, Yury"]
[Black "Zilbert, Oleg"]
[Result "0-1"]
[BlackElo "2357"]
[WhiteElo "2049"]
[LiveChessVersion "1.4.6"]

1. Nf3 {[%clk 0:10:08]} g6 {[%clk 0:10:08]} 2. d4 {[%clk 0:10:11]} Bg7
{[%clk 0:10:12]} 3. g3 {[%clk 0:10:15]} c5 {[%clk 0:10:08]} 4. c3
{[%clk 0:10:12]} Na6 {[%clk 0:10:06]} 5. Bg2 {[%clk 0:10:16]} Nf6
{[%clk 0:10:08]} 6. O-O {[%clk 0:10:20]} O-O {[%clk 0:10:08]} 7. Re1
{[%clk 0:10:19]} d6 {[%clk 0:10:03]} 8. e4 {[%clk 0:10:23]} Bg4 {[%clk 0:09:33]}
9. Nbd2 {[%clk 0:10:16]} cxd4 {[%clk 0:09:33]} 10. cxd4 {[%clk 0:10:20]} Qd7
{[%clk 0:09:24]} 11. Nf1 {[%clk 0:09:33]} h5 {[%clk 0:09:01]} 12. Bg5
{[%clk 0:09:11]} Rac8 {[%clk 0:08:57]} 13. a3 {[%clk 0:09:13]} Qb5
{[%clk 0:08:57]} 14. b4 {[%clk 0:08:54]} Bxf3 {[%clk 0:08:59]} 15. Bxf3
{[%clk 0:08:56]} Qxg5 {[%clk 0:09:02]} 16. e5 {[%clk 0:08:57]} Ng4
{[%clk 0:08:37]} 17. Bxb7 {[%clk 0:08:58]} Nb8 {[%clk 0:08:29]} 18. h3
{[%clk 0:07:25]} Nxf2 {[%clk 0:08:23]} 19. Kxf2 {[%clk 0:07:18]} Rc7
{[%clk 0:08:27]} 20. Bf3 {[%clk 0:06:42]} dxe5 {[%clk 0:08:25]} 21. Rc1
{[%clk 0:06:34]} Rxc1 {[%clk 0:08:06]} 22. Qxc1 {[%clk 0:06:38]} Qf5
{[%clk 0:08:10]} 23. g4 {[%clk 0:06:25]} hxg4 {[%clk 0:08:00]} 24. hxg4
{[%clk 0:06:27]} Qd7 {[%clk 0:07:31]} 25. dxe5 {[%clk 0:06:23]} Qb5
{[%clk 0:07:08]} 26. Qc5 {[%clk 0:06:07]} Qa4 {[%clk 0:07:12]} 27. Qxe7
{[%clk 0:06:01]} Qxa3 {[%clk 0:07:03]} 28. e6 fxe6 {[%clk 0:06:54]} 29. Qxe6+
{[%clk 0:05:32]} Kh7 {[%clk 0:06:52]} 30. Ne3 {[%clk 0:05:29]} Qb2+
{[%clk 0:06:41]} 31. Re2 {[%clk 0:05:01]} Qxb4 {[%clk 0:05:43]} 32. g5
{[%clk 0:04:24]} Qh4+ {[%clk 0:05:11]} 33. Kg2 {[%clk 0:04:25]} Qxg5+
{[%clk 0:05:13]} 34. Qg4 {[%clk 0:04:28]} Qxg4+ {[%clk 0:05:09]} 35. Nxg4
{[%clk 0:04:21]} Rf7 {[%clk 0:05:05]} 36. Kg3 {[%clk 0:04:17]} Bd4
{[%clk 0:05:06]} 37. Rd2 {[%clk 0:03:27]} Bb6 {[%clk 0:05:05]} 38. Bd5
{[%clk 0:03:10]} Re7 {[%clk 0:05:04]} 39. Nf6+ {[%clk 0:03:02]} Kg7
{[%clk 0:05:07]} 40. Ne4 {[%clk 0:02:56]} Nd7 {[%clk 0:05:02]} 41. Rc2
{[%clk 0:02:48]} Ne5 {[%clk 0:05:01]} 42. Rc8 {[%clk 0:02:46]} Nf7
{[%clk 0:04:45]} 43. Ra8 {[%clk 0:02:25]} Re5 {[%clk 0:04:33]} 44. Bxf7
{[%clk 0:02:13]} Kxf7 {[%clk 0:04:23]} 45. Kf4 {[%clk 0:02:13]} Rf5+
{[%clk 0:04:26]} 46. Kg4 {[%clk 0:02:14]} Kg7 {[%clk 0:04:28]} 47. Ng5
{[%clk 0:02:10]} Re5 {[%clk 0:04:28]} 48. Rb8 {[%clk 0:02:05]} Re7
{[%clk 0:04:27]} 49. Ra8 {[%clk 0:02:02]} a5 {[%clk 0:04:12]} 50. Ra6
{[%clk 0:02:01]} Rb7 {[%clk 0:03:54]} 51. Ne4 {[%clk 0:01:53]} Rb8
{[%clk 0:03:46]} 52. Nd6 {[%clk 0:01:46]} Bd8 {[%clk 0:03:32]} 53. Ra7+
{[%clk 0:01:38]} Kf6 {[%clk 0:03:19]} 54. Ne4+ {[%clk 0:01:11]} Ke5
{[%clk 0:03:19]} 55. Nc5 {[%clk 0:01:05]} Rb4+ {[%clk 0:03:21]} 56. Kf3
{[%clk 0:01:06]} Kd5 {[%clk 0:02:34]} 57. Nb7 Bb6 {[%clk 0:02:18]} 58. Ra6
{[%clk 0:01:09]} a4 {[%clk 0:02:22]} 59. Na5 {[%clk 0:01:03]} g5 {[%clk 0:02:11]}
60. Ra8 {[%clk 0:00:57]} g4+ {[%clk 0:02:15]} 61. Kg2 {[%clk 0:00:56]} Bc7
{[%clk 0:02:10]} 62. Ra7 {[%clk 0:00:48]} Rb2+ {[%clk 0:02:11]} 63. Kf1
{[%clk 0:00:43]} Bb6 {[%clk 0:02:03]} 64. Rd7+ {[%clk 0:00:07]} Ke6
{[%clk 0:02:00]} 0-1

[Event "Championship Moscow 2015 Seniors rapid"]
[Site "?"]
[Date "2015.11.29"]
[Round "1.4"]
[White "Voevodin, Vladimir"]
[Black "Fedorovich, Nikolay"]
[Result "1-0"]
[BlackElo "2046"]
[WhiteElo "2323"]
[LiveChessVersion "1.4.6"]

1. e4 {[%clk 0:10:05]} e5 {[%clk 0:10:05]} 2. Nf3 {[%clk 0:10:05]} Nc6
{[%clk 0:10:05]} 3. Bc4 {[%clk 0:10:02]} Nf6 {[%clk 0:10:08]} 4. Ng5
{[%clk 0:10:07]} d5 {[%clk 0:10:11]} 5. exd5 {[%clk 0:10:11]} Na5
{[%clk 0:10:14]} 6. Bb5+ {[%clk 0:10:15]} c6 {[%clk 0:10:18]} 7. dxc6
{[%clk 0:10:19]} bxc6 {[%clk 0:10:22]} 8. Qf3 {[%clk 0:10:22]} h6
{[%clk 0:10:04]} 9. Ne4 {[%clk 0:10:20]} Nd5 {[%clk 0:09:37]} 10. Nbc3
{[%clk 0:09:43]} Rb8 {[%clk 0:09:00]} 11. Nxd5 {[%clk 0:09:09]} Qxd5
{[%clk 0:09:01]} 12. Nf6+ {[%clk 0:08:16]} gxf6 {[%clk 0:08:59]} 13. Qxd5
{[%clk 0:08:20]} Rxb5 {[%clk 0:08:39]} 14. Qf3 {[%clk 0:08:23]} Bg7
{[%clk 0:08:23]} 15. d3 {[%clk 0:08:13]} Bd7 {[%clk 0:08:17]} 16. Qg3
{[%clk 0:07:58]} Kf8 {[%clk 0:08:02]} 17. b4 {[%clk 0:07:44]} Nb7
{[%clk 0:07:58]} 18. a4 {[%clk 0:07:42]} Rb6 {[%clk 0:06:49]} 19. a5
{[%clk 0:07:43]} Rb5 {[%clk 0:06:51]} 20. c4 {[%clk 0:07:46]} 1-0

[Event "Championship Moscow 2015 Seniors rapid"]
[Site "?"]
[Date "2015.11.29"]
[Round "1.5"]
[White "Zavialov, Vladimir"]
[Black "Kuindzhy, Alexander"]
[Result "0-1"]
[BlackElo "2317"]
[WhiteElo "2046"]
[LiveChessVersion "1.4.6"]

1. d4 {[%clk 0:10:08]} d5 {[%clk 0:10:07]} 2. Nf3 {[%clk 0:10:10]} c5
{[%clk 0:10:11]} 3. c3 {[%clk 0:10:04]} Nf6 {[%clk 0:10:06]} 4. Bf4
{[%clk 0:10:06]} Qb6 {[%clk 0:10:06]} 5. Qc1 {[%clk 0:10:00]} cxd4
{[%clk 0:10:03]} 6. cxd4 {[%clk 0:09:33]} Nc6 {[%clk 0:10:00]} 7. e3
{[%clk 0:09:03]} Bf5 {[%clk 0:09:59]} 8. Be2 {[%clk 0:08:15]} e6 {[%clk 0:09:29]}
9. O-O {[%clk 0:08:07]} Be7 {[%clk 0:09:16]} 10. a3 {[%clk 0:07:45]} O-O
{[%clk 0:08:35]} 11. b4 {[%clk 0:07:33]} Rac8 {[%clk 0:08:25]} 12. Qb2
{[%clk 0:07:21]} Ne4 {[%clk 0:08:22]} 13. Nbd2 {[%clk 0:06:42]} Nxd2
{[%clk 0:07:42]} 14. Qxd2 {[%clk 0:06:37]} a5 {[%clk 0:07:17]} 15. b5
{[%clk 0:06:27]} Na7 {[%clk 0:07:14]} 16. Ne5 {[%clk 0:06:25]} Rc2
{[%clk 0:06:43]} 17. Qd1 {[%clk 0:06:08]} Rfc8 {[%clk 0:06:36]} 18. g4
{[%clk 0:05:07]} Be4 {[%clk 0:06:15]} 19. f3 {[%clk 0:05:09]} Bg6
{[%clk 0:06:01]} 20. Nxg6 {[%clk 0:05:02]} hxg6 {[%clk 0:06:01]} 21. Bd3
{[%clk 0:05:06]} R2c3 {[%clk 0:05:41]} 22. a4 {[%clk 0:04:02]} Bf6
{[%clk 0:05:31]} 23. Be2 {[%clk 0:03:43]} g5 {[%clk 0:05:06]} 24. Bg3
{[%clk 0:03:33]} Rxe3 {[%clk 0:05:01]} 25. Bf2 {[%clk 0:03:27]} Rec3
{[%clk 0:04:28]} 26. Qd2 {[%clk 0:03:00]} Rc2 {[%clk 0:04:16]} 27. Qd1
{[%clk 0:03:05]} Qc7 {[%clk 0:04:04]} 28. Bd3 {[%clk 0:02:45]} Rxf2
{[%clk 0:03:49]} 29. Rxf2 {[%clk 0:02:27]} Qf4 {[%clk 0:03:21]} 30. Kg2
{[%clk 0:01:56]} Bxd4 {[%clk 0:03:16]} 31. Raa2 {[%clk 0:01:54]} Bxf2
{[%clk 0:03:03]} 32. Rxf2 {[%clk 0:01:57]} Rc3 {[%clk 0:02:52]} 33. Rc2
{[%clk 0:01:47]} Qxa4 {[%clk 0:02:17]} 34. Qd2 {[%clk 0:01:24]} Rxc2
{[%clk 0:01:51]} 35. Bxc2 {[%clk 0:01:24]} Qxb5 {[%clk 0:01:07]} 36. Qxg5
{[%clk 0:01:20]} Qe2+ {[%clk 0:01:04]} 37. Kg3 {[%clk 0:01:24]} Qxc2
{[%clk 0:00:58]} 38. Qd8+ {[%clk 0:01:28]} Kh7 {[%clk 0:01:02]} 39. Qh4+
{[%clk 0:01:32]} Kg6 {[%clk 0:01:06]} 40. Qh5+ {[%clk 0:00:28]} Kf6
{[%clk 0:01:10]} 41. Qh4+ {[%clk 0:00:32]} g5 {[%clk 0:00:45]} 42. Qh8+
{[%clk 0:00:33]} Ke7 {[%clk 0:00:44]} 43. Qb8 {[%clk 0:00:22]} Qc6
{[%clk 0:00:30]} 44. Qxa7 {[%clk 0:00:25]} a4 {[%clk 0:00:33]} 45. h4
{[%clk 0:00:19]} gxh4+ {[%clk 0:00:35]} 46. Kxh4 {[%clk 0:00:23]} e5
{[%clk 0:00:31]} 47. g5 {[%clk 0:00:25]} d4 {[%clk 0:00:32]} 48. Qa5
{[%clk 0:00:28]} Ke6 {[%clk 0:00:32]} 49. Kg4 {[%clk 0:00:29]} d3
{[%clk 0:00:29]} 50. Qd8 {[%clk 0:00:23]} Qd7 {[%clk 0:00:30]} 51. Qf6+
{[%clk 0:00:08]} Kd5+ {[%clk 0:00:35]} 0-1

[Event "Championship Moscow 2015 Seniors rapid"]
[Site "?"]
[Date "2015.11.29"]
[Round "1.6"]
[White "Shvedchikov, Anatoli I."]
[Black "Goroshilov, Vladislav"]
[Result "1-0"]
[BlackElo "2037"]
[WhiteElo "2293"]
[LiveChessVersion "1.4.6"]

1. c4 {[%clk 0:10:08]} Nf6 {[%clk 0:10:05]} 2. Nc3 {[%clk 0:10:12]} d5
{[%clk 0:10:00]} 3. cxd5 {[%clk 0:10:12]} Nxd5 {[%clk 0:10:03]} 4. g3
{[%clk 0:10:16]} g6 {[%clk 0:10:03]} 5. Bg2 {[%clk 0:10:20]} Nb6 {[%clk 0:10:06]}
6. h4 {[%clk 0:10:23]} h5 {[%clk 0:10:07]} 7. d3 {[%clk 0:10:18]} Bg7
{[%clk 0:10:10]} 8. Nh3 {[%clk 0:10:21]} Nc6 {[%clk 0:10:07]} 9. O-O
{[%clk 0:10:06]} Bg4 {[%clk 0:09:55]} 10. Ng5 {[%clk 0:09:59]} O-O
{[%clk 0:09:51]} 11. Be3 {[%clk 0:10:01]} Rb8 {[%clk 0:08:58]} 12. Rc1
{[%clk 0:09:42]} Nd4 {[%clk 0:08:48]} 13. Kh2 {[%clk 0:09:39]} c6
{[%clk 0:08:28]} 14. Qd2 {[%clk 0:09:34]} f6 {[%clk 0:08:04]} 15. Nge4
{[%clk 0:09:38]} e5 {[%clk 0:07:43]} 16. Nc5 {[%clk 0:09:32]} Nd5
{[%clk 0:07:18]} 17. Nxd5 {[%clk 0:09:25]} cxd5 {[%clk 0:07:21]} 18. Bxd4
{[%clk 0:09:27]} exd4 {[%clk 0:07:24]} 19. Rfe1 {[%clk 0:09:21]} Kh7
{[%clk 0:07:24]} 20. Qb4 {[%clk 0:09:13]} Re8 {[%clk 0:06:49]} 21. Qxd4
{[%clk 0:08:55]} b6 {[%clk 0:05:46]} 22. Na6 {[%clk 0:08:51]} Rc8
{[%clk 0:05:41]} 23. e3 {[%clk 0:08:47]} Be6 {[%clk 0:05:07]} 24. Qa4
{[%clk 0:08:18]} Bf5 {[%clk 0:03:56]} 25. d4 {[%clk 0:07:38]} Be4
{[%clk 0:03:03]} 26. Nc7 {[%clk 0:05:51]} Re7 {[%clk 0:02:43]} 27. Nb5
{[%clk 0:05:45]} Bxg2 {[%clk 0:02:29]} 28. Kxg2 {[%clk 0:05:47]} a5
{[%clk 0:02:20]} 29. Rxc8 {[%clk 0:05:43]} Qxc8 {[%clk 0:02:23]} 30. Nc3
{[%clk 0:05:45]} Qe6 {[%clk 0:02:01]} 31. Qb5 {[%clk 0:05:33]} Rd7
{[%clk 0:01:54]} 32. Rc1 {[%clk 0:05:35]} g5 {[%clk 0:01:45]} 33. Rh1
{[%clk 0:05:31]} g4 {[%clk 0:01:43]} 34. Rc1 {[%clk 0:05:31]} Bh6
{[%clk 0:01:37]} 35. Qd3+ {[%clk 0:05:29]} Kg7 {[%clk 0:01:35]} 36. Nb5
{[%clk 0:05:31]} f5 {[%clk 0:01:16]} 37. Qc2 {[%clk 0:05:08]} Kf7
{[%clk 0:00:44]} 38. Kh2 {[%clk 0:05:04]} Bf8 {[%clk 0:00:43]} 39. Qc6
{[%clk 0:05:03]} Bd6 {[%clk 0:00:09]} 40. Kg1 {[%clk 0:04:36]} Ke7
{[%clk 0:00:00]} 1-0

[Event "Championship Moscow 2015 Seniors rapid"]
[Site "?"]
[Date "2015.11.29"]
[Round "1.7"]
[White "Drozdov, Vladimir E."]
[Black "Tsarev, Valery"]
[Result "0-1"]
[BlackElo "2270"]
[WhiteElo "2008"]
[LiveChessVersion "1.4.6"]

1. e4 {[%clk 0:10:08]} c5 {[%clk 0:10:09]} 2. c3 {[%clk 0:10:09]} Qa5
{[%clk 0:10:11]} 3. Na3 {[%clk 0:10:11]} Nc6 {[%clk 0:10:05]} 4. Nc4
{[%clk 0:10:14]} Qc7 {[%clk 0:10:09]} 5. d4 {[%clk 0:10:16]} cxd4
{[%clk 0:10:04]} 6. cxd4 {[%clk 0:10:19]} b5 {[%clk 0:09:54]} 7. Ne3
{[%clk 0:10:05]} e6 {[%clk 0:09:57]} 8. Nf3 {[%clk 0:10:04]} a6 {[%clk 0:09:26]}
9. Bd2 {[%clk 0:09:55]} Bb4 {[%clk 0:08:35]} 10. Rc1 {[%clk 0:09:51]} Qa5
{[%clk 0:08:10]} 11. Bd3 {[%clk 0:08:15]} Bxd2+ {[%clk 0:08:04]} 12. Qxd2
{[%clk 0:08:11]} Qxd2+ {[%clk 0:08:07]} 13. Kxd2 {[%clk 0:08:14]} Nge7
{[%clk 0:07:54]} 14. Rhd1 {[%clk 0:06:51]} Bb7 {[%clk 0:06:05]} 15. a4
{[%clk 0:04:59]} Nb4 {[%clk 0:05:24]} 16. Bb1 {[%clk 0:04:26]} d5
{[%clk 0:04:55]} 17. Rc7 {[%clk 0:04:01]} dxe4 {[%clk 0:04:09]} 18. Rxb7
{[%clk 0:03:58]} exf3 {[%clk 0:04:12]} 19. axb5 {[%clk 0:03:51]} axb5
{[%clk 0:03:57]} 20. gxf3 {[%clk 0:03:33]} Ned5 {[%clk 0:03:01]} 21. Rxb5
{[%clk 0:03:29]} O-O {[%clk 0:02:59]} 22. Rc1 {[%clk 0:03:06]} g6
{[%clk 0:02:57]} 23. Rc4 {[%clk 0:03:03]} Rab8 {[%clk 0:02:04]} 24. Rxb8
{[%clk 0:02:19]} Rxb8 {[%clk 0:02:08]} 25. Nc2 {[%clk 0:01:35]} Na6
{[%clk 0:01:47]} 26. Kc1 {[%clk 0:01:33]} h5 {[%clk 0:01:39]} 27. Ne3
{[%clk 0:01:28]} Nab4 {[%clk 0:01:39]} 28. Be4 {[%clk 0:01:30]} Nf4
{[%clk 0:01:33]} 29. Kd2 {[%clk 0:01:04]} f5 {[%clk 0:01:32]} 30. Bb1
{[%clk 0:01:02]} Nbd5 {[%clk 0:01:35]} 31. Kc2 {[%clk 0:00:57]} Kf7
{[%clk 0:01:28]} 32. Ra4 {[%clk 0:00:52]} Rc8+ {[%clk 0:01:15]} 33. Rc4
{[%clk 0:00:49]} Rb8 {[%clk 0:01:18]} 34. Ra4 {[%clk 0:00:48]} Nh3 35. Nxd5 exd5
36. Ba2 Nf4 37. b4 Kf6 38. Ra6+ Kg5 39. Ra4 Ne2 40. Bxd5 Nxd4+ 41. Kc3 Nb5+ 42.
Kc4 Nc7 43. Bc6 Rd8 44. b5 Nxb5 45. Bxb5 Rd2 46. Ra6 Rxf2 47. Be8 Rxh2 48. Rxg6+
Kf4 49. Bc6 h4 50. Kd3 Ra2 51. Bd7 h3 52. Rh6 h2 53. Rh3 Ra1 54. Rxh2 Rd1+ 55.
Ke2 Rxd7 56. Rh4+ Kg3 57. Rh8 Re7+ 58. Kf1 Kxf3 59. Rf8 f4 60. Rf6 Ra7 61. Ke1
Ra1+ 62. Kd2 Kg3 63. Rg6+ Kf2 64. Rf6 f3 65. Rg6 Ra8 66. Rd6 Re8 67. Kd1 Kg2 68.
Rg6+ Kf1 69. Rf6 f2 70. Kd2 Rd8+ 71. Ke3 Ke1 0-1